000 01100nac a2200265 a 4500
003 Co-PeBPM
005 20240308184717.0
008 240308e2020 |||a|||| |||| 00| 0 spa d
020 _a9789585137035
040 _aCo-PeBPM
_bspa
_cCo-PeBPM
_erda
082 0 4 _a928 O12o
_222
110 1 _aOrganización Internacional para las Migraciones
245 1 0 _aCandelario Obeso
_b: el más grande poeta negro de Colombia
_c/ Organización Internacional para las Migraciones, Agencia de Estrados Unidos para el Desarrollo Internacional, Ministerio de Cultura
250 _aPrimera edición
260 _aBogotá
_b: MNR Comunicaciones y Ediciones
_c, 2020
300 _a24 páginas
_b: ilustraciones a color
_c, 25 centímetros
490 _aHistorias de Identidad y Orgullo
_vNúmero 4
600 _aObeso, Candelario
_d1849-1884
650 _aAutores negros
_xBiografías
650 _aAutores colombianos
_xBiografías
650 _aLiteratura colombiana
_xBiografías
710 1 _aAgencia de Estrados Unidos para el Desarrollo Internacional
710 1 _aMinisterio de Cultura
942 _2ddc
_cBK
_n0
999 _c26606
_d26606